Máte dostatok informácií o svojich zamestnancoch a svojej organizácii?

Význam dostatku informácií o potrebách, záujmoch, postojoch pre kvalitný personálny manažment. Monitorovanie situácie v pracovnej atmosfére a kvalite pracovného života pre zlepšenie efektívnosti fungovania organizácie. Záujem o hospodárske dianie v organizácii. Skúmanie šírky záujmu o hospodárske di...

Descrizione completa

Salvato in:
Dettagli Bibliografici
Autore principale: Lubelec, Libor
Natura: Capitolo di libro
Lingua:slovacco
Soggetti:
Tags: Aggiungi Tag
Nessun Tag, puoi essere il primo ad aggiungerne!!

MARC

LEADER 00000naa a2200000 4500
001 r040986
005 20231002080839.6
041 0 |a slo 
044 |a SK 
245 1 0 |a Máte dostatok informácií o svojich zamestnancoch a svojej organizácii?  |c Libor Lubelec 
520 |a Význam dostatku informácií o potrebách, záujmoch, postojoch pre kvalitný personálny manažment. Monitorovanie situácie v pracovnej atmosfére a kvalite pracovného života pre zlepšenie efektívnosti fungovania organizácie. Záujem o hospodárske dianie v organizácii. Skúmanie šírky záujmu o hospodárske dianie v organizácii. Výber otázok a varianty odpovede. 
610 2 0 |a manažment personálny 
610 2 0 |a zamestnanci 
610 2 0 |a mienka verejná 
610 2 0 |a zdroje informácií 
610 2 0 |a postoje 
610 2 0 |a prieskum informačný 
610 2 0 |a pracovisko 
610 2 0 |a záujem o prácu 
100 1 |a Lubelec, Libor